000 00703nam a2200181Ia 4500
003 GCL
008 140319s9999 xx 000 0 ara d
040 _aGCL /
_cGCL
082 0 4 _a612.65
_bع د
100 1 _aعلى عبدالعزيز النفيلى
245 1 0 _aدراسة عن نمو الاطفال فى التراث العلمى للحضارة العربية الاسلامية /
_cعلى عبدالعزيز النفيلى
260 _aالقاهرة :
_bالمركز القومى للبحوث ،
_c2005
300 _a157 ص ؛
_c28 سم
650 0 4 _aالاطفال الرضع
650 0 4 _aالاطفال - نمو
650 0 4 _aالاطفال - العناية الصحية
942 _2ddc
_cBK
999 _c7871
_d7871